Škandál zla

Bibliographic Details
Main Author: Ricoeur, Paul, 1913-2005 (Author)
Other Authors: Sivák, Jozef, 1945- (Translator)
Format: Article
Language:Slovak
PhysicalDescription:Fotogr. 1
Subjects:

MARC

LEADER 00000nab a2200000 a 4500
001 vtls000474231
003 SK-MaSNL
005 20260305022713.0
008 140507c1993 xo 0 slo
015 |a SNBRB19rr/mm-uuuuu 
035 |a CL0474365 
040 |a SNKBUCL  |b slo  |c SNKBUCL  |e AACR2 
041 0 |a slo 
044 |a xo  |c SK 
080 |a 17.02  |2 1981 
100 1 |a Ricoeur, Paul,  |d 1913-2005  |4 aut  |9 111636 
245 1 0 |a Škandál zla  |c Paul Ricoeur ; Prekl. Jozef Sivák 
300 |b Fotogr. 1 
650 0 7 |a etika  |2 snkbucl  |9 792 
655 7 |a články z novín a časopisov  |2 snkbucl  |9 267496 
700 1 |a Sivák, Jozef,  |d 1945-  |4 trl  |9 18581 
773 0 |t Kultúrny život  |g Roč. 27, č. 3 (1993), s. 10-11 
850 |a Slovenská národná knižnica v Martine  |a MTA001 
852 |a SNK  |b KIS3GCP 
958 |a RK 
992 |a RBX 
999 |c 3292321  |d 3294251